000 00843nam a2200313Ia 4500
003 OSt
005 20220912150645.0
006 a|||||r|||| 00| 0
007 ta
008 220909b |||||||| |||| 00| 0 eng d
020 _a0750306262 (pbk)
024 _a6835
037 _bShankar,
037 _cTextual
040 _aCSL
_beng
_cCSL
041 _aeng
082 _aC216, N9
100 _aLovett D R
245 0 _aTensor properties of crystals
250 _a2
260 _aBristol
_bInstitute of Physics Publishing
_c1999
300 _axiii,166p
500 _aAppendix 1-3, 146-152p; Bibliographical references 153-160; Index 161-166p
650 _a Crystals
650 _a Properties of matter
650 _aPhysics
942 _hC216, N9
_cTEXL
_2CC
999 _c51893
_d51893